| 000 | 00903nam a2200253 u 4500 | ||
|---|---|---|---|
| 001 | 000017277 | ||
| 005 | 20200929165051.0 | ||
| 008 | 100322s2002 dr rd 000 0 spa d | ||
| 020 | _a9501273288 | ||
| 040 |
_aDO-SdBNP _bspa _cBNPHU |
||
| 082 |
_aR 306.03 _bD545t |
||
| 240 | 0 | 0 |
_aA dictionary of cultural and critical theory _lEspañol |
| 245 | 0 | 0 |
_aDiccionario de teoría crítica y estudios culturales / _cbajo la dirección de Michael Payne; traducción Patricia Willson. |
| 260 |
_aBuenos Aires : _bPaidós, _c2002. |
||
| 300 |
_a784 p. ; _c24 cm. |
||
| 500 | _aIncluye índice analítico y de nombres | ||
| 500 | _aTraducido del inglés | ||
| 504 | _aIncluye bibliografías : p. 661-743 | ||
| 650 | 4 |
_aCiencias sociales _vDICCIONARIOS _937931 |
|
| 700 | 1 | 2 |
_aPayne, Michael _937932 |
| 700 | 1 | 2 |
_aWillson, Patricia, _etr. _913032 |
| 910 | _aValidado. Control de calidad MFF | ||
| 049 | _aBNPD | ||
| 999 |
_c16802 _d16802 |
||